00522nam a2200157Ia 4500003000900000005001700009008004100026040003100067040001300098100002100111245003100132260002700163300001900190490000600209520014900215IT-RoPAU20220918175314.0120407s9999    xx            000 0 und d  aIT-RoPAUc20130627105626.0  cIT-RoPAU  aCaravina, Lucas   aOrações do Padre Lucas  aSão PaulobFSPc1992  c18 cma191 pp.  v1  aĺndice
Oração para começar bem o dia
I.	Parte
Rezemos juntos
II.	Parte
Rezemos com os outros
III.	Parte
Rezemos com Pe. Tiago Alberione
